00414nam a2200121Ia 4500001000800000005001700008008004100025020001800066245007700084260002200161999002100183952008800204127042820260417151349.0260417s9999 xx 000 0 und d a9786258317619 0aHz. Peygamber ve Gençler - Tüm İnsanların Peygamberi 2cAdem Apak bBeyan Yayınları c1270428d1270428 00104070a1109b1109d2026-04-17l0p1109376r2026-04-17 15:13:49w2026-04-17yBK